[Event "Tabor op"]
[Site "Tabor"]
[Date "2013.08.03"]
[Round "8"]
[White "Kaucky, Jaroslav"]
[Black "Kubicek, Martin"]
[Result "0-1"]
[WhiteElo "1783"]
[BlackElo "1537"]
[PlyCount "54"]
[EventDate "2013.07.28"]
[EventType "swiss"]
[EventRounds "9"]
[EventCountry "CZE"]
[SourceTitle "CBM 155 Extra"]
[Source "ChessBase"]
[SourceDate "2013.08.26"]
[SourceVersion "1"]
[SourceVersionDate "2013.08.26"]
[SourceQuality "1"]

1. e4 e5 2. f4 exf4 3. Nf3 Bc5 4. d4 Be7 5. Bxf4 Nc6 6. Bc4 Nf6 7. Nbd2 0-0 8. Ng5 d5 9. Bd3 h6 10. h4 Bg4 11. Be2 Bxe2 12. Qxe2 Nxd4 13. Qd1 dxe4 14. c3 Ne6 15. Be3 Qd3 16. Rh3 Qd5 17. Qe2 Qf5 18. 0-0-0 h5 19. Rf1 Qg6 20. Nc4 Ng4 21. Ne5 Nxe5 22. Qb5 Nd3+ 23. Kc2 Nec5 24. Rf5 Qxf5 25. Rg3 Qf1 26. Bd2 Ne1+ 27. Bxe1 Qxb5 0-1